College Quizbowl Stats
College Quizbowl Stats
Circuits
Seasons
Sets
Records
Detailed Stats
About
Loading...
2024 ACF Regionals @ Vanderbilt
Tossups
Bonuses
Players
Teams
Categories (Tossup)
Categories (Bonus)
Kyle Saelzler
Harding A
Categories
Category
Powers
Gets
Negs
BBs
Points
Earliest Buzz
Avg. Buzz
First Buzzes
Top 3 Buzzes
Science - Other Science
0
1
0
0
10
112
112.00
0
0
Fine Arts - Classical Music
0
0
0
0
0
0.00
0
0
History - American History
0
0
0
0
0
0.00
0
0
History - Other History
0
0
0
0
0
0.00
0
0
Religion
0
0
1
0
-5
0.00
0
0
Buzzes
Category
Answer
Value
Buzz Position
Religion
Egypt
-5
47
Science - Other Science
Oort cloud
10
112
History - Other History
San people
0
117
Fine Arts - Classical Music
Gustav Mahler’s Symphony No. 1 in D major
0
123
History - American History
John Pershing
0
129
Previous
1
Next